Geografie-Kette #3 - Statistiken

Allgemein
  • Dieses Quiz wurde 1.280 mal gespielt
  • Das Durchschnittsergebnis liegt bei 13 aus 20
Antwortstatistiken
Hint Antwort % Korrekt
Land, dessen größte Stadt Sydney ist Australien
100%
^ ist das ... - größte Land der Welt nach Fläche 6
83%
Sprache, die man in ^ spricht Spanisch
83%
Die Flagge von ^ ist Weiß und ... Rot
78%
Skandinavisches Land mit ^ Nachbarländern Dänemark
77%
Nördliches Nachbarland von ^ USA
77%
Hauptstadt auf der Iberischen Halbinsel mit ^ Buchstaben Madrid
76%
Einwohnerreichste Stadt, in der man ^ spricht Mexiko-Stadt
76%
Anzahl der Nachbarland von ^ 1
75%
Anzahl der Buchstaben von ^ Hauptstadt 10
72%
Die Australien-Flagge mit ^ Sternen gehört welchem Land Neuseeland
72%
Flächengrößter Bundesstaat von ^ Alaska
65%
^ ist die Grenze zwischen Asien und ... Europa
57%
Ozean, an dem ^ liegt Atlantik
54%
Ozean, der größer ist als ^ Pazifik
53%
Land, mit dem westlichsten Punkt von ^ Portugal
52%
Wenn man einen Buchstaben bei ^ austauscht, er hält man dieses Gebirge Ural
47%
Einwohnerreichstes Land am ^ China
46%
Der größte See von ^ ist der ...see Aral
38%
Binnen-Binnen-Land mit ^ Buchstaben Usbekistan
36%
Keine übereinstimmenden Quizze gefunden
Verteilung der Resultate
Anzahl Personen mit jedem Resultat
Perzentil nach korrekt beantworteten Fragen
Ihre Resultats-Entwicklung
Sie haben dieses Quiz noch nicht gespielt